00302nam a2200133Ia 45000030006000000080041000060400015000471000020000622450037000822500011001192600009001305460012001390050017001510STCL150530s9999 xx 000 0 und d aSTCLcSTCL aPriestley, J.B. aApes and angels a book of essays aFourth c1931 aEnglish20220125171146.0